Vybrané kapitoly ze sociální politiky

Saved in:
Bibliographic Details
Main Author Knausová, Ivana, 1962- (Author)
Corporate Author Univerzita Palackého. Pedagogická fakulta
Format Book
LanguageCzech
Published Olomouc : Univerzita Palackého, 2005
Edition2. vyd.
SeriesTexty k distančnímu vzdělávání v rámci kombinovaného studia
Subjects
ISBN8024410214
Physical Description85 s. ; 29 cm

Cover

LEADER 00000cam a22000007a 4500
001 27327
003 CZ-ZlUTB
005 20190825235216.0
008 060117s2005 xr |||||r|||||||||||cze|d
020 |a 8024410214  |q (brož.) 
040 |a OLA001  |b cze  |c OLA001  |d ZLD002 
072 7 |a 36  |x Zajištění duševních a materiálních potřeb  |2 Konspekt  |9 18 
072 7 |a 37.016  |x Učební osnovy. Vyučovací předměty. Učebnice  |2 Konspekt  |9 22 
080 |a (075.8)  |2 v 
080 |a 36  |2 v 
100 1 |a Knausová, Ivana,  |d 1962-  |7 mzk2005286882  |4 aut 
245 1 0 |a Vybrané kapitoly ze sociální politiky /  |c Ivana Knausová 
250 |a 2. vyd. 
260 |a Olomouc :  |b Univerzita Palackého,  |c 2005 
300 |a 85 s. ;  |c 29 cm 
490 1 |a Texty k distančnímu vzdělávání v rámci kombinovaného studia 
500 |a Nad názvem: Univerzita Palackého v Olomouci, Pedagogická fakulta 
500 |a Určeno pro prezenční a kombinovanou formu studia oborů USZP a Ped.-soc. práce 
504 |a Obsahuje bibliografii 
650 0 4 |a SOCIÁLNÍ POLITIKA 
655 7 |a vysokoškolská skripta  |7 fd190824  |2 czenas 
655 7 |a učebnice vysokých škol  |7 fd133772  |2 czenas 
710 2 |a Univerzita Palackého.  |b Pedagogická fakulta 
830 0 |a Texty k distančnímu vzdělávání v rámci kombinovaného studia 
910 |a ZLD002 
952 |0 0  |1 0  |4 0  |6 S364KNAUSOVÁI  |7 0  |8 BOOK  |9 55548  |a UTBZL  |b UTBZL  |c 030  |d 2006-07-29  |l 0  |o S364/KNAUSOVÁ,I  |p 420010094504  |r 2019-08-25 00:00:00  |v 120.00  |w 2019-08-25  |x N:nákup | 20100831  |y 05 
952 |0 0  |1 0  |4 0  |6 S364KNAUSOVÁI  |7 0  |8 BOOK  |9 55549  |a UTBZL  |b UTBZL  |c 006  |d 2006-07-29  |l 16  |m 4  |o S364/KNAUSOVÁ,I  |p 420010094505  |r 2023-12-08 00:00:00  |s 2023-09-05  |v 120.00  |w 2019-08-25  |x N:nákup | 20100831  |y 04 
952 |0 0  |1 0  |4 0  |6 S364KNAUSOVÁI  |7 0  |8 BOOK  |9 55550  |a UTBZL  |b UTBZL  |c 006  |d 2006-07-29  |l 17  |m 7  |o S364/KNAUSOVÁ,I  |p 420010094506  |r 2024-02-28 00:00:00  |s 2023-12-08  |v 120.00  |w 2019-08-25  |x N:nákup | 20100831  |y 04 
992 |a BK  |b SK  |d 27 
999 |c 27327  |d 27327